| 000 | 00632nam a22001577a 4500 | ||
|---|---|---|---|
| 005 | 20250811111055.0 | ||
| 008 | 250811b |||||||| |||| 00| 0 eng d | ||
| 050 |
_aTHE HJ 2305 .K4 N525 2020 _bC.1 |
||
| 100 | _aNjiri, Alice Akinyi | ||
| 245 | _aEffect of Tax Principles on Tax Compliance Among Small and Medium Enterprises in Eldoret Town | ||
| 260 |
_aKisii _bKisii University _c2020 |
||
| 300 | _axv, 94p.:ill. | ||
| 500 | _aIncludes bibliographical references | ||
| 650 | _a1. Taxation - Kenya. 2. Tax administration and procedure - Kenya. 3. Tax compliance - Kenya. 4. Small business - Taxation - Kenya. | ||
| 942 |
_2lcc _cREF |
||
| 999 |
_c216009 _d216009 |
||